Normal view
MARC view
Entry Personal Name
001 - CONTROL NUMBER
- control field: 223620
003 - CONTROL NUMBER IDENTIFIER
- control field: OSt
005 - DATE AND TIME OF LATEST TRANSACTION
- control field: 20250729165430.0
008 - FIXED-LENGTH DATA ELEMENTS
- fixed length control field: 250729|| aca||aabn | a|a d
040 ## - CATALOGING SOURCE
- Original cataloging agency: OSt
- Transcribing agency: OSt
100 ## - HEADING--PERSONAL NAME
- Personal name: ಲೋಹಿತಾಶ್ವ ಹೆಚ್ ಸಿ
670 ## - SOURCE DATA FOUND
- Source citation: Work cat.: (OSt)235999: ಲೋಹಿತಾಶ್ವ ಹೆಚ್ ಸಿ, ಭಾರತದ ಸಂವಿಧಾನ ಮತ್ತು ಸರಕಾರ,ರಾಜಕೀಯ, 2005